Information technology and computerized mapping in the Forestry Department Peninsular Malaysia

Bibliographic Details
Corporate Author: MALAYSIA
Format: Book
Published: Kuala Lumpur : Forestry Department Peninsular Malaysia , 1998
Subjects:

MARC

LEADER 00000cam a2200000 7i4500
001 0000002460
005 20030624.0
090 0 0 |a JPSM634.90285   |b MAL 1998 
110 1 0 |a MALAYSIA   |c Forestry Department Peninsular Malaysia 
245 1 0 |a Information technology and computerized mapping in the Forestry Department Peninsular Malaysia 
260 0 0 |a Kuala Lumpur :   |b Forestry Department Peninsular Malaysia ,   |c 1998 
300 |a 12 p. :   |b ill. ;   |c 30 cm. 
650 0 0 |a Forest management   |x Computer programs   |z Peninsular Malaysia 
650 0 0 |a Forests and forestry   |x Information services   |z Peninsular Malaysia 
998 |a JPSM 
999 |a 0000004633   |b Monograph   |c Open Shelf   |e Default branch 
999 |a 0000004898   |b Monograph   |c Open Shelf   |e Default branch 
999 |a 0000004965   |b Monograph   |c Open Shelf   |e Default branch 
999 |a 0000004966   |b Monograph   |c Open Shelf   |e Default branch